Microbiology : Diversity, disease, and the environment
With engaging biological problems and case studies, this new book introduces readers to a broad range of fascinating topics in microbiology. The book emphasizes the delicate balance between microbes and humans, and how recent changes in that balance may bring about the emerging infectious diseases a...
Na minha lista:
| Autor principal: | |
|---|---|
| Formato: | Livro |
| Idioma: | Undetermined |
| Publicado em: |
Maryland
Fitzgerald science press
2001
|
| Assuntos: | |
| Tags: |
Adicionar Tag
Sem tags, seja o primeiro a adicionar uma tag!
|
| Thư viện lưu trữ: | Trung tâm Học liệu Trường Đại học Cần Thơ |
|---|
| LEADER | 00933nam a2200217Ia 4500 | ||
|---|---|---|---|
| 001 | CTU_115866 | ||
| 008 | 210402s9999 xx 000 0 und d | ||
| 020 | |c 77.95 | ||
| 082 | |a 579 | ||
| 082 | |b S186 | ||
| 100 | |a Salyers, Abigail A | ||
| 245 | 0 | |a Microbiology : | |
| 245 | 0 | |b Diversity, disease, and the environment | |
| 245 | 0 | |c Abigail A. Salyers, Dixie D. Whitt | |
| 260 | |a Maryland | ||
| 260 | |b Fitzgerald science press | ||
| 260 | |c 2001 | ||
| 520 | |a With engaging biological problems and case studies, this new book introduces readers to a broad range of fascinating topics in microbiology. The book emphasizes the delicate balance between microbes and humans, and how recent changes in that balance may bring about the emerging infectious diseases and resistant microorganisms so much in the news today | ||
| 650 | |a Microbiology | ||
| 904 | |i Vương | ||
| 980 | |a Trung tâm Học liệu Trường Đại học Cần Thơ | ||